| 000 | 00909nac a22002417a 4500 | ||
|---|---|---|---|
| 001 | BR7305610 | ||
| 003 | BR-BrBNA | ||
| 005 | 20240105113531.0 | ||
| 008 | 230509b bl.|||m| |||| 00| 0 por d | ||
| 040 |
_aBR-BrBNA _bpor _cBiblioteca Nacional de Agricultura |
||
| 072 | _aM00; A50 | ||
| 090 | _aM00 BR7305610 | ||
| 110 | 1 |
_aPrograma de Pesquisa e Desenvolvimento Pesqueiro do Brasil, Brasilia, DF _97975 |
|
| 245 | 1 | _aDescricao sumaria das principais realizacoes do Programa de Pesquisa e Desenvolvimento Pesqueiro do Brasil - PDP 1970/1976 | |
| 260 | 3 |
_aBrasilia, DF (Brasil): _cNov 1976. |
|
| 300 | _a55 p. | ||
| 490 |
_aDocumentos Ocasionais - Programa de Pesquisa e Desenvolvimento Pesqueiro do Brasil (Brazil) _vno. 23 _x |
||
| 650 | _aPesca | ||
| 650 | _aDesenvolvimento pesqueiro | ||
| 650 | _aPrograma de pesquisa | ||
| 909 |
_a202312 _bLúcia Elande _c55 _dLúcia Elande |
||
| 942 |
_2AGRIS _n0 _cMS |
||
| 999 |
_c264284 _d264284 |
||